000 00493nam a2200181Ia 4500
999 _c28584
_d28584
003 OSt
005 20210112103754.0
008 190216s9999||||xx |||||||||||||| ||und||
020 _a9788124006320
040 _coclc
082 _a150
_bEYE/H
100 _aEyeroor, Johnson
_98243
245 0 _aHipnotisam Oru Padanam /
_cJohnson Eyeroor
260 _bCurrent Books,
_aKottayam:
300 _a135p
650 _aPsycology
942 _cBK
_2ddc
_h150
_iEYE/H
_k150
_mEYE/H